00697nam a2200241 a 4500001001300000003000900013005001700022008004100039020001000080082001600090100002300106245002900129260004200158300000900200500003500209505001000244650003200254700002300286902000800309942000700317952011600324999001500440nice12345678IN_TiNIC20260116012125.0050524s1947 tora grp 000 0 eng  ac10000a891.51bFIT aFitzgerald, Edward aRubaiyat of Omar Khayyam aTorontobRandom House of Canadac1947 a149p aincludes index and biblioraphy2 aIndex aPersian Poetry-Omar Khayyam1 aFitzgerald, Edward bSRS cBK 001040708StackRoom-aHMIbHMId2007-06-01g100.00l0o891.51 FITp08853r2007-06-01v100.00w2005-05-24yBK c5738d5738